000 00432nam a22001697a 4500
005 20160518111915.0
008 160518b xxu||||| |||| 00| 0 eng d
020 _a978-81-317-0516-2
041 _aeng
082 _b2823
100 _aTaylore, Shirley
_9745
245 _aCommunication for Business A Prectical Approach
260 _aDelhi
_bPearson Education,
_c2006
300 _a391
650 _aManagement
_9241
942 _cBK
999 _c1001
_d1001